The Micro Economyb Today ECON 202 (Record no. 8470)

MARC details
000 -LEADER
fixed length control field 00401nam a22001697a 4500
003 - CONTROL NUMBER IDENTIFIER
control field OSt
005 - DATE AND TIME OF LATEST TRANSACTION
control field 20211001141518.0
008 - FIXED-LENGTH DATA ELEMENTS--GENERAL INFORMATION
fixed length control field 211001b |||||||| |||| 00| 0 eng d
020 ## - INTERNATIONAL STANDARD BOOK NUMBER
International Standard Book Number 100077667255
040 ## - CATALOGING SOURCE
Transcribing agency HU
082 ## - DEWEY DECIMAL CLASSIFICATION NUMBER
Classification number 338.5/SCH
100 ## - MAIN ENTRY--PERSONAL NAME
Personal name Bradley R.Schiller
9 (RLIN) 5497
245 ## - TITLE STATEMENT
Title The Micro Economyb Today ECON 202
260 ## - PUBLICATION, DISTRIBUTION, ETC.
Name of publisher, distributor, etc. McGraw Hill
Date of publication, distribution, etc. 2013
300 ## - PHYSICAL DESCRIPTION
Extent 469
942 ## - ADDED ENTRY ELEMENTS (KOHA)
Source of classification or shelving scheme Dewey Decimal Classification
Koha item type Books like text book referance book
Suppress in OPAC No
Holdings
Withdrawn status Lost status Source of classification or shelving scheme Damaged status Not for loan Home library Current library Shelving location Date acquired Total Checkouts Full call number Barcode Date last seen Copy number Price effective from Koha item type
    Dewey Decimal Classification     Natural & Computational Science Library Natural & Computational Science Library General Stacks 10/01/2021   338.5/SCH NSCLIB000015044 10/01/2021 1 10/01/2021 Books like text book referance book
    Dewey Decimal Classification     Natural & Computational Science Library Natural & Computational Science Library General Stacks 10/01/2021   338.5/SCH NSCLIB000015045 10/01/2021 2 10/01/2021 Books like text book referance book
    Dewey Decimal Classification     Natural & Computational Science Library Natural & Computational Science Library General Stacks 10/01/2021   338.5/SCH NSCLIB000015046 10/01/2021 3 10/01/2021 Books like text book referance book
    Dewey Decimal Classification     Natural & Computational Science Library Natural & Computational Science Library General Stacks 10/01/2021   338.5/SCH NSCLIB000015047 10/01/2021 4 10/01/2021 Books like text book referance book
    Dewey Decimal Classification     Natural & Computational Science Library Natural & Computational Science Library General Stacks 10/01/2021   338.5/SCH NSCLIB000015048 10/01/2021 5 10/01/2021 Books like text book referance book
    Dewey Decimal Classification     Natural & Computational Science Library Natural & Computational Science Library General Stacks 10/01/2021   338.5/SCH NSCLIB000015049 10/01/2021 6 10/01/2021 Books like text book referance book
    Dewey Decimal Classification     Natural & Computational Science Library Natural & Computational Science Library General Stacks 10/01/2021   338.5/SCH NSCLIB000015050 10/01/2021 9 10/01/2021 Books like text book referance book
    Dewey Decimal Classification     Natural & Computational Science Library Natural & Computational Science Library General Stacks 10/01/2021   338.5/SCH NSCLIB000015051 10/01/2021 14 10/01/2021 Books like text book referance book